000 00595nam a22001817a 4500
003 UA-OsUOA
001 13968
007 ta
008 20030707b un ||||| |||| 00| 0 ukr d
100 _aТубіна С.
942 _cSA
040 _aUA-OsUOA
_cUA-OsUOA
_dUA-OsUOA
245 _aЧерез дискусії - до істини[ прийшли депутати на 9-й сесії Рівнен. обл. ради]
300 _aС.1
955 _a0
773 0 _w0
_tВісті Рівненщини
_dРівне
_d2003
_g№53-54/27 черв./
650 7 _aКраєзнавча робота
_2UDC
999 _c300129
_d300129